000 00442nam a2200157 i 4500
001 66337
003 ES-MaACL
005 20230906165613.0
007 t|
008 040203s1971 sp ||||1| cat d
100 1 _aGalimany, Alberto.
_953420
245 1 0 _aGalerĂ­a de retrats femenins i altres poemes /
_cAlberto Galimany.
260 _aBarcelona :
_b[Pal-las],
_c1971.
300 _a82 p. ;
_c23 cm.
852 _aES-MaACL
_jC-43355
_bR.80353
999 _c66337
_d66337